[Event "Titled Tuesday intern op 23rd May Early"]
[Site "Chess.com INT"]
[Date "2023.05.23"]
[Round "3"]
[White "Rostovtsev, Dmitry"]
[Black "Estrada Nieto, Julian"]
[Result "1-0"]
[WhiteElo "2264"]
[BlackElo "2215"]
[PlyCount "111"]
[EventDate "2023.05.23"]
[EventType "swiss (blitz)"]
[EventRounds "11"]
[EventCountry "USA"]
[SourceTitle "CBM 214 Extra"]
[Source "ChessBase"]
[SourceDate "2023.07.31"]
[SourceVersion "1"]
[SourceVersionDate "2023.07.31"]
[SourceQuality "1"]

1. e4 e5 2. Nf3 Nc6 3. Bb5 a6 4. Ba4 Nf6 5. 0-0 Be7 6. d3 b5 7. Bb3 d6 8. a3 0-0 9. Nc3 Na5 10. Ba2 c5 11. Bg5 Be6 12. Bxf6 Bxf6 13. Nd5 Nc6 14. c3 g6 15. a4 Bg7 16. Qd2 Rb8 17. Ng5 Bd7 18. f4 b4 19. Bc4 Na5 20. fxe5 Nxc4 21. dxc4 Bxe5 22. Nf3 bxc3 23. bxc3 Bg7 24. Qd3 Rb2 25. a5 Re8 26. Rfe1 Bc6 27. Nd2 Qg5 28. Re2 Qh5 29. Rae1 Be5 30. Nf3 Rxe2 31. Rxe2 Rb8 32. Ne7+ Kg7 33. Nxc6 Rb3 34. Ncxe5 dxe5 35. Qd5 Rxc3 36. Qxe5+ Qxe5 37. Nxe5 f6 38. Nd7 Rxc4 39. e5 fxe5 40. Rxe5 Rc1+ 41. Kf2 c4 42. Nc5 c3 43. Nxa6 Ra1 44. Nb4 Ra4 45. Rb5 Ra1 46. Ke3 Rb1 47. Kd3 Rb3 48. a6 Ra3 49. Rb7+ Kf6 50. a7 h5 51. Rb6+ Ke5 52. Ra6 Rb3 53. a8Q Rxb4 54. Ra5+ Kf6 55. Qc6+ Kg7 56. Qxc3+ 1-0

[Event "Titled Tuesday intern op 23rd May Late"]
[Site "Chess.com INT"]
[Date "2023.05.23"]
[Round "9"]
[White "Rostovtsev, Dmitry"]
[Black "Machidon, Cristi"]
[Result "1-0"]
[WhiteElo "2264"]
[BlackElo "2279"]
[PlyCount "53"]
[EventDate "2023.05.23"]
[EventType "swiss (blitz)"]
[EventRounds "11"]
[EventCountry "USA"]
[SourceTitle "EXT 2024"]
[Source "ChessBase"]
[SourceDate "2023.10.10"]
[SourceVersion "1"]
[SourceVersionDate "2023.10.10"]
[SourceQuality "1"]

1. e4 c6 2. d4 d5 3. e5 Bf5 4. Nc3 e6 5. g4 Bg6 6. Nge2 c5 7. h4 h5 8. Nf4 Bh7 9. Nxh5 Nc6 10. dxc5 Bxc5 11. Bg5 Qc7 12. f4 Kf8 13. Bd3 Rc8 14. a3 Bd4 15. Nb5 Qb6 16. c3 Bf2+ 17. Kf1 Bxd3+ 18. Qxd3 Rxh5 19. gxh5 f6 20. exf6 gxf6 21. h6 fxg5 22. h7 Kg7 23. h8Q+ Kxh8 24. hxg5+ Kg7 25. Rh7+ Kf8 26. Qg6 Qxb5+ 27. Kg2 1-0

[Event "Titled Tuesday intern op 23rd May Early"]
[Site "Chess.com INT"]
[Date "2023.05.23"]
[Round "6"]
[White "Rostovtsev, Dmitry"]
[Black "Masague Artero, Guerau"]
[Result "1-0"]
[WhiteElo "2264"]
[BlackElo "2302"]
[PlyCount "85"]
[EventDate "2023.05.23"]
[EventType "swiss (blitz)"]
[EventRounds "11"]
[EventCountry "USA"]
[SourceTitle "CBM 214 Extra"]
[Source "ChessBase"]
[SourceDate "2023.07.31"]
[SourceVersion "1"]
[SourceVersionDate "2023.07.31"]
[SourceQuality "1"]

1. e4 g6 2. d4 Bg7 3. Nc3 c6 4. Nf3 d5 5. h3 dxe4 6. Nxe4 Nf6 7. Bd3 0-0 8. 0-0 Nbd7 9. Bf4 Qb6 10. Rb1 Nxe4 11. Bxe4 Nf6 12. Bd3 Nd5 13. Bh2 Re8 14. a3 Bh6 15. c4 Nf4 16. Bc2 Be6 17. b3 Rad8 18. Re1 Bc8 19. Kh1 Ne6 20. Be5 f6 21. c5 Qa6 22. Bd3 Qxa3 23. Bc4 fxe5 24. Rxe5 Rd5 25. Qe1 Nf4 26. g3 Nxh3 27. Ra1 Qb2 28. Re2 Qxa1 29. Qxa1 Bg4 30. Ne5 Bxe2 31. Bxe2 Nxf2+ 32. Kg2 Ne4 33. Bc4 Rf8 34. Nf3 Kg7 35. Bxd5 cxd5 36. Qxa7 Rf7 37. Qxb7 e6 38. Qc6 Be3 39. Qxe6 Rxf3 40. Qe5+ Rf6 41. c6 Kh6 42. Qxf6 Nxf6 43. c7 1-0

[Event "RUS-chT2"]
[Site "Sochi"]
[Date "2023.05.08"]
[Round "7.1"]
[White "Rostovtsev, Dmitry"]
[Black "Gavrilov, Maxim"]
[Result "1/2-1/2"]
[WhiteElo "2259"]
[BlackElo "2177"]
[PlyCount "65"]
[EventDate "2023.05.01"]
[EventType "team-swiss"]
[EventRounds "9"]
[EventCountry "RUS"]
[SourceTitle "CBM 214 Extra"]
[Source "ChessBase"]
[SourceDate "2023.07.31"]
[SourceVersion "1"]
[SourceVersionDate "2023.07.31"]
[SourceQuality "1"]
[WhiteTeam "Moscow Temus Tim"]
[BlackTeam "ANOO Primak Gymnasium"]
[WhiteTeamCountry "RUS"]
[BlackTeamCountry "RUS"]

1. d4 Nf6 2. c4 e6 3. Nc3 Bb4 4. e3 b6 5. Nge2 Bb7 6. a3 Bxc3+ 7. Nxc3 d5 8. cxd5 exd5 9. Bb5+ Nbd7 10. 0-0 0-0 11. b3 Re8 12. Bb2 a6 13. Bd3 Ne4 14. Ne2 Qg5 15. Rc1 c5 16. dxc5 bxc5 17. Bxe4 Rxe4 18. b4 d4 19. Ng3 Rh4 20. f4 Rxh2 21. fxg5 Rxg2+ 22. Kh1 Rxg3+ 23. Kh2 Rg2+ 24. Kh3 Rxb2 25. Rc2 Rb3 26. Re2 Bd5 27. bxc5 d3 28. Rh2 Nxc5 29. Qh5 Re8 30. Kg4 Be6+ 31. Kg3 Ne4+ 32. Kf4 Bf5 33. Qd1 1/2-1/2